|
|
|
|
| LEADER |
00000nam a2200000 4500 |
| 008 |
150807b2013 cr ||||| |||| 00| | spa d |
| 090 |
|
|
|a 05.03.01
|b 2164
|
| 100 |
1 |
|
|9 763
|a Muñoz Varela, Luis
|
| 245 |
1 |
0 |
|a Cartografía analítica y prospectiva de la comunidad investigadora de la Universidad de Costa Rica /
|c Luis Muñoz Varela
|
| 260 |
|
|
|a San José, Costa Rica :
|b INIE,
|c 2013
|
| 300 |
|
|
|a 113 páginas
|
| 500 |
|
|
|a Informe final Proyecto de Investigación N° 246-B2-353
|
| 610 |
2 |
4 |
|9 714
|a UNIVERSIDAD DE COSTA RICA
|
| 650 |
1 |
4 |
|9 642
|a SOCIEDAD DE LA INFORMACIÓN
|
| 650 |
1 |
4 |
|9 764
|a REDES ACADÉMICAS
|
| 650 |
1 |
4 |
|9 765
|a INVESTIGADORES
|
| 942 |
|
|
|i 003808
|h 05.03.01 2164
|2 z
|c 01
|
| 999 |
|
|
|c 2795
|d 2795
|